Т. 1; Воздействие на организм человека опасных и вредных экологических факторов. Метрологические аспекты

Dades bibliogràfiques
Parent link:Воздействие на организм человека опасных и вредных экологических факторов. Метрологические аспекты: в 2 т./ под ред. Л. К. Исаева. Т. 1.— , 1997
Sumari:В справочнике подробно рассматриваются специфические наиболее информативные и одновременно доступные в прикладных исследованиях и в медицинской практике медико-биологические показатели основных функциональных систем организма человека, которые изменяются под воздействием опасных и вредных экологических факторов (как природного, так и антропогенного происхождения). Приводятся средства и методы измерений, как отечественные, так и зарубежные, а также математико-статистические методы обработки результатов измерений. Справочник предназначен для работников санитарно-эпидемиологических станций, санитарно-гигиенических и оздоровительных организаций, других учреждений здравоохранения, для природоохранных организаций, местной администрации и для медицинских работников, а также для всех лиц, интересующихся влиянием экологии на здоровье человека.
Idioma:rus
Publicat: 1997
Matèries:
Format: MixedMaterials Llibre
KOHA link:https://koha.lib.tpu.ru/cgi-bin/koha/opac-detail.pl?biblionumber=278742

MARC

LEADER 00000nam2a2200000 4500
001 278742
005 20231101235137.0
010 |a 5895740014 
035 |a (RuTPU)RU\TPU\book\302020 
035 |a RU\TPU\book\26076 
090 |a 278742 
100 |a 20141215d1997 km y0rusy50 ca 
101 0 |a rus 
102 |a RU 
105 |a y g 000zy 
200 0 |a Т. 1 
210 |d 1997 
215 |a 512 с. 
330 |a В справочнике подробно рассматриваются специфические наиболее информативные и одновременно доступные в прикладных исследованиях и в медицинской практике медико-биологические показатели основных функциональных систем организма человека, которые изменяются под воздействием опасных и вредных экологических факторов (как природного, так и антропогенного происхождения). Приводятся средства и методы измерений, как отечественные, так и зарубежные, а также математико-статистические методы обработки результатов измерений. Справочник предназначен для работников санитарно-эпидемиологических станций, санитарно-гигиенических и оздоровительных организаций, других учреждений здравоохранения, для природоохранных организаций, местной администрации и для медицинских работников, а также для всех лиц, интересующихся влиянием экологии на здоровье человека. 
461 1 |0 (RuTPU)RU\TPU\book\26076  |t Воздействие на организм человека опасных и вредных экологических факторов. Метрологические аспекты  |o в 2 т.  |f под ред. Л. К. Исаева  |v Т. 1  |d 1997  |s Экометрия: Серия справочников по проведению экологических и медицинских измерений ; Кн. 1 
606 1 |a Гигиена  |2 stltpush  |3 (RuTPU)RU\TPU\subj\6441  |9 34323 
610 1 |a человек 
610 1 |a вредные факторы 
610 1 |a воздействия 
610 1 |a опасные факторы 
610 1 |a экологические факторы 
610 1 |a окружающая среда 
610 1 |a здоровье 
610 1 |a нервная система 
610 1 |a эндокринная система 
610 1 |a анализаторы 
610 1 |a сердечно-сосудистая система 
610 1 |a имунная система 
610 1 |a влияние 
610 1 |a справочники 
675 |a 613(035)  |v 3 
801 0 |a RU  |b 63413507  |c 20011209  |g PSBO 
801 2 |a RU  |b 63413507  |c 20170407  |g PSBO 
942 |c BK